00646nam a2200193Ia 4500008004100000020001500041082001600056100002100072245008000093250000700173260004200180300002800222500001900250600001500269650001500284942000700299952012900306999001700435240925s9999 xx 000 0 und d a8129706644 a658.406 SHU aShulman, M. Joel 0aGetting bigger by growing smaller: a new growth model for corporate America aNA aNew Delhi:bPearson Educationc,2004. ax, 564p.bN.AfOriginal aIncludes Index aManagement aManagement cBK 001040708MANaUITUbUITUd2021-04-27eParamount Book Pvt Ltdl0o658.406 SHUpQ15411r2024-09-25 07:17:42w2024-09-25yBK c17910d17910